| 000 | 00514nam a2200205Ia 4500 | ||
|---|---|---|---|
| 999 |
_c99520 _d99520 |
||
| 003 | 0100 | ||
| 005 | 20170612091606.0 | ||
| 008 | 130307s9999 xx 000 0 und d | ||
| 040 | _cARRUPELIB | ||
| 050 | _aDT515.45.Y67I9 1991 | ||
| 100 |
_aFatunmbi, Awo Fa'lokun _932451 |
||
| 245 | _aIwa-pele : Ifa quest | ||
| 245 | _bthe search for the source of Santeria and Lucumi | ||
| 260 |
_bOriginal Publications _aNew York _c1991 |
||
| 300 | _a188p. | ||
| 300 | _b23 cm. | ||
| 650 |
_aHISTORY _98438 |
||
| 650 |
_aIfa (Religion) _932452 |
||
| 650 |
_aYoruba (African people) _xReligion _918497 |
||
| 942 |
_2lcc _cMONOGRAPH |
||